Výběr informací pro vývozce a dovozce : z oblasti technických překážek obchodu, mezinárodní certifikace a zavádění systémů jakosti. VI. /

Hlavní autor: Ryšánek, Pavel, 1936-
Jazyk: Čeština
Vydáno: Praha : Ministerstvo průmyslu a obchodu České republiky, 1994
Témata:
Fyzický popis: 29 s. : il. ; 21 cm
Knihy
Uloženo v:
LEADER 00998nam a2200229 a 4500
001 000061776
003 CZ BrMZK
005 19960313143423.0
008 960319s1994 xr f cze d
020 |a 80-02-01022-1 
040 |a BOA001  |b cze 
080 |a 338.518(087.8)  |2 MRF 
080 |a 339.5  |2 MRF 
100 1 |a Ryšánek, Pavel,  |d 1936-  |7 mzk2002103547  |4 aut 
245 1 0 |a Výběr informací pro vývozce a dovozce :  |b z oblasti technických překážek obchodu, mezinárodní certifikace a zavádění systémů jakosti.  |n VI. /  |c [Pavel Ryšánek]. 
260 |a Praha :  |b Ministerstvo průmyslu a obchodu České republiky,  |c 1994 
300 |a 29 s. :  |b il. ;  |c 21 cm 
500 |a Pro Ministerstvo průmyslu a obchodu České republiky zprac. Česká společnost pro jakost 
653 0 |a jakost  |a mezinárodní certifikace  |a zahraniční obchod 
910 |a BOA001  |b TK-0258.327,6 
990 |a BK 
996 6 |b 2620003004  |c TK-0258.327,6  |l MZK  |r Sklad / do 24 hodin  |n 0  |p dar  |w 000061776  |u 000010  |a 1  |e BOA001  |j MZK50  |s P